Gaming Quiz

Random Gaming Quiz

Halo Games Quiz Stats

 Plays Quiz not verified by Sporcle

Also try: First Pokémon A-Z
Challenge
Share
Tweet
Embed
Score 0/11 Timer 01:30
0 Plays Today
Hint Answer % Correct
Halo 3
100%
Halo 2
98.6%
Halo 4
95.7%
Halo Combat Evolved
94.3%
Halo 5
92.9%
Halo Wars
90%
Halo Reach
88.6%
Halo 3 ODST
84.3%
Halo Anniversary
24.3%
Halo Master Chief Edition
7.1%
2.9%

You're not logged in!

Compare scores with friends on all Sporcle quizzes.
Join for Free
OR
Log In

You Might Also Like...

Show Comments

Extras

Created May 24, 2016ReportNominate
Tags:halo, MLG Halo, Spartans Halo

Top Quizzes Today


Score Distribution

Your Account Isn't Verified!

In order to create a playlist on Sporcle, you need to verify the email address you used during registration. Go to your Sporcle Settings to finish the process.

Report this User

Report this user for behavior that violates our Community Guidelines.

Details: